The cardinal of the Kremlin (Record no. 68603)

000 -LEADER
fixed length control field 00417nam a22001697a 4500
003 - CONTROL NUMBER IDENTIFIER
control field NUST - PNEC
005 - DATE AND TIME OF LATEST TRANSACTION
control field 20170116181057.0
008 - FIXED-LENGTH DATA ELEMENTS--GENERAL INFORMATION
fixed length control field 151001b xxu||||| |||| 00| 0 eng d
020 ## - INTERNATIONAL STANDARD BOOK NUMBER
International Standard Book Number 000223193X
040 ## - CATALOGING SOURCE
Transcribing agency LIBRARY
082 ## - DEWEY DECIMAL CLASSIFICATION NUMBER
Classification number 813.54 CLA
100 ## - MAIN ENTRY--PERSONAL NAME
9 (RLIN) 12130
Personal name Clancy, Tom
245 ## - TITLE STATEMENT
Title The cardinal of the Kremlin
Statement of responsibility, etc. Tom Clancy
260 ## - PUBLICATION, DISTRIBUTION, ETC.
Date of publication, distribution, etc. 1988
650 ## - SUBJECT ADDED ENTRY--TOPICAL TERM
9 (RLIN) 5296
Topical term or geographic name entry element Intelligence services
942 ## - ADDED ENTRY ELEMENTS (KOHA)
Source of classification or shelving scheme
Koha item type Book
Holdings
Withdrawn status Lost status Source of classification or shelving scheme Damaged status Not for loan Permanent Location Current Location Shelving location Date acquired Total Checkouts Full call number Barcode Date last seen Price effective from Koha item type
          Pakistan Navy Engineering College (PNEC) Pakistan Navy Engineering College (PNEC)       813.54 CLA PNECLIB-011789 10/01/2015   Book
© 2023 Central Library, National University of Sciences and Technology. All Rights Reserved.